000 00462nam a2200181Ia 4500
005 20250603145810.0
008 250603s9999 xx 000 0 und d
020 _a9780470453612
050 _aTA 170 .S24/
100 _aSarte, S. Bry
245 0 _aSustainable infrastructure: the guide to green engineering and design
260 _aNew Jersey
260 _bJohn Wilet & Sons
260 _c2010
300 _a363 p
650 _aNew Jersey
942 _cBK
999 _c42893
_d42893